[Event "65+ World Senior Team Championship"]
[Site "chess24.com"]
[Date "2017.04.27"]
[Round "4"]
[White "Bevan, Peter M"]
[Black "Svensson, Soren"]
[Result "1-0"]
[Board "4"]
[WhiteElo "1933"]
[WhiteCountry "WLS"]
[WhiteFideId "1800345"]
[WhiteEloChange "12"]
[BlackElo "1992"]
[BlackCountry "SWE"]
[BlackFideId "1714937"]
[BlackEloChange "-12"]

1. c4 {[%clk 1:30:57]} e5 {[%clk 1:30:38]} 2. g3 {[%clk 1:31:18]} Nf6 {[%clk
1:30:47]} 3. Bg2 {[%clk 1:31:29]} d5 {[%clk 1:30:44]} 4. cxd5 {[%clk 1:31:48]}
Nxd5 {[%clk 1:30:52]} 5. Nf3 {[%clk 1:32:08]} Nc6 {[%clk 1:31:10]} 6. O-O {[%clk
1:32:28]} Be7 {[%clk 1:31:18]} 7. d4 {[%clk 1:32:00]} exd4 {[%clk 1:20:34]} 8.
Nxd4 {[%clk 1:31:57]} Nxd4 {[%clk 1:14:48]} 9. Qxd4 {[%clk 1:31:20]} Nf6 {[%clk
1:14:38]} 10. Qa4+ {[%clk 1:29:01]} Qd7 {[%clk 1:06:52]} 11. Qc2 {[%clk 1:20:57]}
c6 {[%clk 1:03:37]} 12. Nc3 {[%clk 1:14:19]} O-O {[%clk 0:56:03]} 13. Bf4 {[%clk
1:10:39]} Qf5 {[%clk 0:54:18]} 14. Qxf5 {[%clk 1:05:01]} Bxf5 {[%clk 0:54:32]}
15. e4 {[%clk 1:05:22]} Be6 {[%clk 0:54:08]} 16. Rfd1 {[%clk 1:04:58]} Rfd8
{[%clk 0:50:45]} 17. Bc7 {[%clk 0:59:19]} Rxd1+ {[%clk 0:49:44]} 18. Rxd1 {[%clk
0:59:48]} Ne8 {[%clk 0:47:24]} 19. Bf4 {[%clk 0:58:35]} Rd8 {[%clk 0:42:47]} 20.
Rxd8 {[%clk 0:58:51]} Bxd8 {[%clk 0:43:11]} 21. Be3 {[%clk 0:57:34]} b6 {[%clk
0:37:23]} 22. e5 {[%clk 0:50:43]} c5 {[%clk 0:34:08]} 23. f4 {[%clk 0:47:26]} Kf8
{[%clk 0:26:54]} 24. Be4 {[%clk 0:44:46]} g6 {[%clk 0:26:36]} 25. a3 {[%clk
0:43:07]} Nc7 {[%clk 0:26:21]} 26. Kg2 {[%clk 0:42:40]} Be7 {[%clk 0:25:13]} 27.
Bc6 {[%clk 0:39:33]} Bc4 {[%clk 0:20:11]} 28. a4 {[%clk 0:30:17]} a6 {[%clk
0:16:46]} 29. Kf3 {[%clk 0:29:09]} f5 {[%clk 0:15:11]} 30. exf6 {[%clk 0:27:42]}
Bxf6 {[%clk 0:15:25]} 31. a5 {[%clk 0:28:04]} bxa5 {[%clk 0:13:16]} 32. Bxc5+
{[%clk 0:27:48]} Kg7 {[%clk 0:13:08]} 33. Bb6 {[%clk 0:14:23]} Ne6 {[%clk
0:13:12]} 34. Ke4 {[%clk 0:13:03]} Bd8 {[%clk 0:10:26]} 35. Bxd8 {[%clk 0:13:18]}
Nxd8 {[%clk 0:10:50]} 36. Bd5 {[%clk 0:13:32]} Bf1 {[%clk 0:10:20]} 37. Kd4
{[%clk 0:11:44]} Kf6 {[%clk 0:07:43]} 38. Ne4+ {[%clk 0:10:56]} Ke7 {[%clk
0:07:32]} 39. Ng5 {[%clk 0:09:01]} h6 {[%clk 0:05:59]} 40. Nf3 {[%clk 0:39:03]}
Kf6 {[%clk 0:32:28]} 41. Nd2 {[%clk 0:35:10]} Bb5 {[%clk 0:31:09]} 42. Nc4 {[%clk
0:34:49]} Ne6+ {[%clk 0:30:23]} 43. Bxe6 {[%clk 0:34:55]} Kxe6 {[%clk 0:30:45]}
44. Nxa5 {[%clk 0:35:21]} Kf5 {[%clk 0:30:28]} 45. Nc4 {[%clk 0:34:46]} Kf6
{[%clk 0:27:43]} 46. g4 {[%clk 0:31:06]} Ba4 {[%clk 0:23:47]} 47. Ne3 {[%clk
0:31:06]} Bb5 {[%clk 0:20:48]} 48. Nd5+ {[%clk 0:26:52]} Kf7 {[%clk 0:20:13]} 49.
Ke5 {[%clk 0:27:07]} Be2 {[%clk 0:19:03]} 50. Ne3 {[%clk 0:27:25]} Bd3 {[%clk
0:18:02]} 51. f5 {[%clk 0:26:49]} gxf5 {[%clk 0:11:43]} 52. gxf5 {[%clk 0:26:59]}
h5 {[%clk 0:11:23]} 53. h4 {[%clk 0:27:14]} Be2 {[%clk 0:07:33]} 54. Nd5 {[%clk
0:27:26]} Bc4 {[%clk 0:07:09]} 55. Nf4 {[%clk 0:27:41]} 1-0

[Event "65+ World Senior Team Championship"]
[Site "chess24.com"]
[Date "2017.04.27"]
[Round "4"]
[White "Stokes, Michael"]
[Black "Dickhoff, Ronald"]
[Result "1/2-1/2"]
[Board "1"]
[WhiteElo "2223"]
[WhiteCountry "ENG"]
[WhiteFideId "442542"]
[WhiteEloChange "-3"]
[BlackElo "2100"]
[BlackCountry "NED"]
[BlackFideId "1006142"]
[BlackEloChange "3"]

1. e4 {[%clk 1:30:56]} e5 {[%clk 1:30:47]} 2. Nf3 {[%clk 1:31:22]} Nc6 {[%clk
1:31:05]} 3. Bc4 {[%clk 1:31:47]} Nf6 {[%clk 1:31:12]} 4. d3 {[%clk 1:31:56]} Be7
{[%clk 1:31:20]} 5. c3 {[%clk 1:31:52]} d6 {[%clk 1:31:07]} 6. Nbd2 {[%clk
1:31:52]} O-O {[%clk 1:30:00]} 7. a4 {[%clk 1:30:38]} d5 {[%clk 1:20:31]} 8. exd5
{[%clk 1:19:42]} Nxd5 {[%clk 1:20:52]} 9. Ne4 {[%clk 1:19:25]} Bg4 {[%clk
1:06:22]} 10. h3 {[%clk 1:18:37]} Bh5 {[%clk 1:06:34]} 11. O-O {[%clk 1:14:39]}
Kh8 {[%clk 1:01:30]} 12. Re1 {[%clk 1:13:21]} f6 {[%clk 1:00:54]} 13. Ng3 {[%clk
1:11:19]} Bf7 {[%clk 0:53:04]} 14. Nf5 {[%clk 1:07:27]} Qd7 {[%clk 0:47:59]} 15.
g4 {[%clk 1:00:46]} Rad8 {[%clk 0:43:06]} 16. Qe2 {[%clk 0:56:52]} Rfe8 {[%clk
0:36:12]} 17. a5 {[%clk 0:56:52]} a6 {[%clk 0:34:59]} 18. Qc2 {[%clk 0:43:31]}
Bf8 {[%clk 0:23:35]} 19. Qb3 {[%clk 0:33:29]} Kg8 {[%clk 0:20:59]} 20. Ng3 {[%clk
0:23:12]} Nf4 {[%clk 0:13:31]} 21. Bxf4 {[%clk 0:19:34]} exf4 {[%clk 0:13:56]}
22. Ne4 {[%clk 0:18:49]} Ne5 {[%clk 0:09:44]} 23. Nxe5 {[%clk 0:18:15]} fxe5
{[%clk 0:10:06]} 24. Ng5 {[%clk 0:16:58]} Bxc4 {[%clk 0:06:55]} 25. Qxc4+ {[%clk
0:17:07]} Qd5 {[%clk 0:07:19]} 26. Qxd5+ {[%clk 0:14:57]} Rxd5 {[%clk 0:07:44]}
27. d4 {[%clk 0:14:35]} Be7 {[%clk 0:07:28]} 28. Ne6 {[%clk 0:14:11]} Rd6 {[%clk
0:06:14]} 29. Rxe5 {[%clk 0:09:06]} Bf6 {[%clk 0:05:58]} 30. Nxc7 {[%clk
0:08:47]} Rxe5 {[%clk 0:06:09]} 31. dxe5 {[%clk 0:09:10]} Bxe5 {[%clk 0:06:32]}
32. Re1 {[%clk 0:09:06]} Rd7 {[%clk 0:05:31]} 33. Rxe5 {[%clk 0:09:22]} Rxc7
{[%clk 0:05:56]} 34. Kg2 {[%clk 0:08:28]} Rd7 {[%clk 0:05:31]} 35. Rf5 {[%clk
0:07:03]} Rd2 {[%clk 0:05:37]} 36. Rxf4 {[%clk 0:07:18]} Rxb2 {[%clk 0:06:00]}
37. Rb4 {[%clk 0:07:26]} Ra2 {[%clk 0:06:10]} 38. Rxb7 {[%clk 0:07:48]} Rxa5
{[%clk 0:06:35]} 39. Rc7 {[%clk 0:07:50]} Ra2 {[%clk 0:05:14]} 40. Kf3 {[%clk
0:36:38]} a5 {[%clk 0:35:23]} 41. Ke3 {[%clk 0:36:43]} a4 {[%clk 0:33:01]} 42.
Ra7 {[%clk 0:36:30]} Rc2 {[%clk 0:33:15]} 43. Kd3 {[%clk 0:34:09]} Rxf2 {[%clk
0:33:37]} 44. Rxa4 {[%clk 0:34:26]} Rf3+ {[%clk 0:33:47]} 45. Kc2 {[%clk
0:33:13]} Rxh3 {[%clk 0:33:15]} 46. c4 {[%clk 0:33:15]} Kf7 {[%clk 0:31:22]} 47.
c5 {[%clk 0:33:34]} Ke6 {[%clk 0:30:25]} 48. Rd4 {[%clk 0:32:59]} Ke5 {[%clk
0:25:10]} 49. Rd7 {[%clk 0:28:17]} g5 {[%clk 0:23:27]} 50. Rg7 {[%clk 0:25:23]}
Kf4 {[%clk 0:20:21]} 51. c6 {[%clk 0:20:34]} 1/2-1/2

[Event "65+ World Senior Team Championship"]
[Site "chess24.com"]
[Date "2017.04.27"]
[Round "4"]
[White "Van Caspel, Ruud"]
[Black "Quinn, John M"]
[Result "1/2-1/2"]
[Board "2"]
[WhiteElo "2101"]
[WhiteCountry "NED"]
[WhiteFideId "1018809"]
[WhiteEloChange "2"]
[BlackElo "2176"]
[BlackCountry "ENG"]
[BlackFideId "405043"]
[BlackEloChange "-2"]

1. Nf3 {[%clk 1:30:58]} Nf6 {[%clk 1:30:50]} 2. c4 {[%clk 1:31:21]} g6 {[%clk
1:31:13]} 3. Nc3 {[%clk 1:31:10]} Bg7 {[%clk 1:31:15]} 4. e4 {[%clk 1:30:49]} d6
{[%clk 1:31:40]} 5. d4 {[%clk 1:30:55]} O-O {[%clk 1:32:03]} 6. Be2 {[%clk
1:30:59]} e5 {[%clk 1:32:25]} 7. Be3 {[%clk 1:29:34]} Na6 {[%clk 1:20:46]} 8. d5
{[%clk 1:26:34]} Nc5 {[%clk 1:07:24]} 9. Nd2 {[%clk 1:25:01]} a5 {[%clk 1:07:47]}
10. a3 {[%clk 1:19:48]} Ne8 {[%clk 1:03:02]} 11. b4 {[%clk 1:11:26]} axb4 {[%clk
1:02:41]} 12. axb4 {[%clk 1:11:51]} Rxa1 {[%clk 1:03:05]} 13. Qxa1 {[%clk
1:12:11]} Na6 {[%clk 1:03:01]} 14. Qa3 {[%clk 1:07:51]} f5 {[%clk 1:00:46]} 15.
f3 {[%clk 1:04:06]} Bh6 {[%clk 0:55:25]} 16. Bxh6 {[%clk 0:50:42]} Qh4+ {[%clk
0:55:49]} 17. g3 {[%clk 0:50:31]} Qxh6 {[%clk 0:56:14]} 18. c5 {[%clk 0:47:17]}
dxc5 {[%clk 0:54:02]} 19. bxc5 {[%clk 0:44:06]} Qe3 {[%clk 0:52:01]} 20. Nc4
{[%clk 0:37:49]} Qxc5 {[%clk 0:47:10]} 21. Qxc5 {[%clk 0:38:09]} Nxc5 {[%clk
0:47:34]} 22. exf5 {[%clk 0:29:07]} Bxf5 {[%clk 0:47:20]} 23. Nxe5 {[%clk
0:27:14]} Nd6 {[%clk 0:45:37]} 24. O-O {[%clk 0:23:50]} Ra8 {[%clk 0:40:03]} 25.
Rc1 {[%clk 0:17:02]} Nb3 {[%clk 0:33:30]} 26. Rd1 {[%clk 0:15:18]} Bc2 {[%clk
0:32:49]} 27. Rf1 {[%clk 0:13:10]} Nd4 {[%clk 0:26:42]} 28. Bd1 {[%clk 0:12:34]}
Ra3 {[%clk 0:20:32]} 29. Bxc2 {[%clk 0:10:18]} Rxc3 {[%clk 0:18:44]} 30. Bd3
{[%clk 0:09:01]} b5 {[%clk 0:17:46]} 31. f4 {[%clk 0:08:03]} b4 {[%clk 0:15:23]}
32. Kf2 {[%clk 0:06:11]} Nb3 {[%clk 0:07:05]} 33. Rb1 {[%clk 0:04:56]} Nc1 {[%clk
0:05:07]} 34. Bf1 {[%clk 0:05:11]} Ne4+ {[%clk 0:04:59]} 35. Ke1 {[%clk 0:05:18]}
Nb3 {[%clk 0:03:46]} 36. Bc4 {[%clk 0:04:04]} Re3+ {[%clk 0:02:50]} 37. Kd1
{[%clk 0:03:31]} Nc3+ {[%clk 0:01:10]} 38. Kc2 {[%clk 0:03:49]} Nd4+ {[%clk
0:01:35]} 39. Kd2 {[%clk 0:02:27]} Re2+ {[%clk 0:01:22]} 40. Kd3 {[%clk 0:30:55]}
Nxb1 {[%clk 0:31:02]} 41. d6+ {[%clk 0:29:07]} Kf8 {[%clk 0:29:24]} 42. dxc7
{[%clk 0:14:03]} Rd2+ {[%clk 0:29:31]} 43. Ke4 {[%clk 0:13:39]} Nc3+ {[%clk
0:26:14]} 1/2-1/2

[Event "65+ World Senior Team Championship"]
[Site "chess24.com"]
[Date "2017.04.27"]
[Round "4"]
[White "Ashby, Anthony C"]
[Black "Olof, Erik"]
[Result "1/2-1/2"]
[Board "3"]
[WhiteElo "2080"]
[WhiteTitle "CM"]
[WhiteCountry "ENG"]
[WhiteFideId "405302"]
[WhiteEloChange "-2"]
[BlackElo "2006"]
[BlackCountry "NED"]
[BlackFideId "1035762"]
[BlackEloChange "2"]

1. e4 {[%clk 1:30:39]} e5 {[%clk 1:30:43]} 2. d4 {[%clk 1:29:35]} exd4 {[%clk
1:30:27]} 3. Qxd4 {[%clk 1:28:28]} Nc6 {[%clk 1:28:59]} 4. Qe3 {[%clk 1:28:47]}
Bb4+ {[%clk 1:23:28]} 5. Nc3 {[%clk 1:27:02]} Nf6 {[%clk 1:21:45]} 6. Bd2 {[%clk
1:27:24]} O-O {[%clk 1:21:45]} 7. O-O-O {[%clk 1:27:47]} Qe7 {[%clk 1:21:04]} 8.
f3 {[%clk 1:21:28]} d6 {[%clk 1:17:03]} 9. g4 {[%clk 1:19:50]} Be6 {[%clk
1:15:25]} 10. g5 {[%clk 1:07:48]} Nd7 {[%clk 1:15:19]} 11. f4 {[%clk 1:04:39]} f5
{[%clk 1:12:11]} 12. Nd5 {[%clk 0:44:50]} Bxd5 {[%clk 1:09:17]} 13. exd5 {[%clk
0:45:11]} Qxe3 {[%clk 1:09:22]} 14. Bxe3 {[%clk 0:45:34]} Ne7 {[%clk 1:08:31]}
15. c4 {[%clk 0:36:36]} Rfe8 {[%clk 1:05:50]} 16. Bd4 {[%clk 0:36:06]} Bc5 {[%clk
1:05:06]} 17. Nf3 {[%clk 0:36:08]} a5 {[%clk 0:53:47]} 18. Bd3 {[%clk 0:34:58]}
Bxd4 {[%clk 0:51:03]} 19. Nxd4 {[%clk 0:35:21]} Nc5 {[%clk 0:51:05]} 20. Nb5
{[%clk 0:29:02]} Rac8 {[%clk 0:48:20]} 21. Rhe1 {[%clk 0:29:12]} Kf7 {[%clk
0:47:47]} 22. Bc2 {[%clk 0:28:35]} g6 {[%clk 0:47:02]} 23. b3 {[%clk 0:28:46]}
Na6 {[%clk 0:46:51]} 24. a3 {[%clk 0:28:45]} Ng8 {[%clk 0:45:39]} 25. Nd4 {[%clk
0:25:58]} Rb8 {[%clk 0:40:22]} 26. Kb2 {[%clk 0:24:21]} Re7 {[%clk 0:39:29]} 27.
Rxe7+ {[%clk 0:20:56]} Nxe7 {[%clk 0:38:40]} 28. Kc3 {[%clk 0:21:08]} Re8 {[%clk
0:38:02]} 29. b4 {[%clk 0:20:53]} axb4+ {[%clk 0:34:46]} 30. axb4 {[%clk
0:21:16]} Nc8 {[%clk 0:34:40]} 31. Ne6 {[%clk 0:20:52]} c6 {[%clk 0:32:46]} 32.
Bb3 {[%clk 0:20:10]} Ke7 {[%clk 0:26:35]} 33. Rd3 {[%clk 0:20:07]} Kd7 {[%clk
0:26:27]} 34. Rh3 {[%clk 0:20:02]} Rh8 {[%clk 0:23:46]} 35. Rxh7+ {[%clk
0:18:37]} Rxh7 {[%clk 0:24:09]} 36. Nf8+ {[%clk 0:19:01]} Ke7 {[%clk 0:24:25]}
37. Nxh7 {[%clk 0:19:25]} cxd5 {[%clk 0:24:21]} 38. cxd5 {[%clk 0:19:48]} Nb6
{[%clk 0:24:05]} 39. Nf6 {[%clk 0:19:31]} Nc7 {[%clk 0:24:09]} 40. h4 {[%clk
0:48:25]} Kf8 {[%clk 0:54:04]} 41. Bc4 {[%clk 0:38:53]} Na4+ {[%clk 0:53:29]} 42.
Kd4 {[%clk 0:39:00]} Nb6 {[%clk 0:52:24]} 43. Bd3 {[%clk 0:36:34]} Kf7 {[%clk
0:51:50]} 44. Bc4 {[%clk 0:36:28]} Kg7 {[%clk 0:52:06]} 45. h5 {[%clk 0:36:25]}
Kf7 {[%clk 0:52:07]} 46. hxg6+ {[%clk 0:35:27]} Kxg6 {[%clk 0:52:29]} 47. Be2
{[%clk 0:34:53]} Kg7 {[%clk 0:51:59]} 48. Bh5 {[%clk 0:33:07]} Nb5+ {[%clk
0:51:35]} 49. Kd3 {[%clk 0:33:13]} Nc7 {[%clk 0:51:22]} 50. Bf3 {[%clk 0:32:00]}
Kg6 {[%clk 0:51:25]} 1/2-1/2

[Event "65+ World Senior Team Championship"]
[Site "chess24.com"]
[Date "2017.04.28"]
[Round "5"]
[White "Vaisser, Anatoly"]
[Black "Sveshnikov, Evgeny"]
[Result "1/2-1/2"]
[Board "1"]
[WhiteElo "2506"]
[WhiteTitle "GM"]
[WhiteCountry "FRA"]
[WhiteFideId "603252"]
[BlackElo "2498"]
[BlackTitle "GM"]
[BlackCountry "RUS"]
[BlackFideId "4100638"]

1. d4 {[%clk 1:30:54]} d5 {[%clk 1:30:52]} 2. c4 {[%clk 1:31:13]} e6 {[%clk
1:31:15]} 3. Nc3 {[%clk 1:31:33]} c6 {[%clk 1:31:38]} 4. cxd5 {[%clk 1:31:41]}
exd5 {[%clk 1:32:01]} 5. Bf4 {[%clk 1:32:01]} Bd6 {[%clk 1:32:11]} 6. Bxd6 {[%clk
1:31:08]} Qxd6 {[%clk 1:32:33]} 7. e3 {[%clk 1:31:28]} Bf5 {[%clk 1:31:41]} 8.
Bd3 {[%clk 1:28:29]} Bxd3 {[%clk 1:30:32]} 9. Qxd3 {[%clk 1:28:16]} Nf6 {[%clk
1:29:33]} 10. Nge2 {[%clk 1:26:27]} Nbd7 {[%clk 1:29:29]} 11. f3 {[%clk 1:25:08]}
O-O {[%clk 1:28:51]} 12. O-O {[%clk 1:25:01]} Rfe8 {[%clk 1:19:32]} 13. Ng3
{[%clk 1:24:08]} c5 {[%clk 1:18:47]} 14. dxc5 {[%clk 1:22:22]} 1/2-1/2

[Event "65+ World Senior Team Championship"]
[Site "chess24.com"]
[Date "2017.04.28"]
[Round "5"]
[White "Balashov, Yuri S"]
[Black "Sharif, Mehrshad"]
[Result "1/2-1/2"]
[Board "2"]
[WhiteElo "2408"]
[WhiteTitle "GM"]
[WhiteCountry "RUS"]
[WhiteFideId "4100263"]
[BlackElo "2385"]
[BlackTitle "IM"]
[BlackCountry "FRA"]
[BlackFideId "600121"]
[BlackEloChange "1"]

1. e4 {[%clk 1:30:56]} e6 {[%clk 1:29:18]} 2. d4 {[%clk 1:31:14]} d5 {[%clk
1:29:27]} 3. Nd2 {[%clk 1:31:25]} Nf6 {[%clk 1:29:31]} 4. Bd3 {[%clk 1:31:06]} c5
{[%clk 1:28:51]} 5. e5 {[%clk 1:31:25]} Nfd7 {[%clk 1:29:04]} 6. c3 {[%clk
1:31:47]} Nc6 {[%clk 1:29:04]} 7. Ngf3 {[%clk 1:31:22]} Rb8 {[%clk 1:28:24]} 8.
O-O {[%clk 1:31:00]} b5 {[%clk 1:28:40]} 9. a3 {[%clk 1:24:13]} Be7 {[%clk
1:27:47]} 10. Re1 {[%clk 1:21:59]} O-O {[%clk 1:22:38]} 11. Nf1 {[%clk 1:17:14]}
a5 {[%clk 1:09:52]} 12. dxc5 {[%clk 1:05:57]} Nxc5 {[%clk 1:09:38]} 13. Bc2
{[%clk 1:06:11]} b4 {[%clk 1:09:09]} 14. axb4 {[%clk 1:06:16]} axb4 {[%clk
1:09:00]} 15. Ng3 {[%clk 1:06:36]} bxc3 {[%clk 1:08:45]} 16. bxc3 {[%clk
1:06:59]} Re8 {[%clk 1:04:27]} 17. Nd4 {[%clk 1:02:03]} Bb7 {[%clk 0:58:49]} 18.
Qg4 {[%clk 1:00:18]} g6 {[%clk 0:53:31]} 19. Bh6 {[%clk 0:57:19]} Nd7 {[%clk
0:50:00]} 20. Nf3 {[%clk 0:39:28]} Qc7 {[%clk 0:48:41]} 21. Qf4 {[%clk 0:39:25]}
Ra8 {[%clk 0:37:01]} 22. Rxa8 {[%clk 0:32:15]} Rxa8 {[%clk 0:37:10]} 23. h4
{[%clk 0:32:26]} Ndxe5 {[%clk 0:31:17]} 24. Nxe5 {[%clk 0:31:56]} Bd6 {[%clk
0:29:27]} 25. Qxf7+ {[%clk 0:30:45]} Qxf7 {[%clk 0:29:50]} 26. Nxf7 {[%clk
0:31:08]} Kxf7 {[%clk 0:30:09]} 27. Rb1 {[%clk 0:31:17]} Rb8 {[%clk 0:28:13]} 28.
Ne2 {[%clk 0:30:23]} Ba6 {[%clk 0:25:10]} 1/2-1/2

[Event "65+ World Senior Team Championship"]
[Site "chess24.com"]
[Date "2017.04.28"]
[Round "5"]
[White "Pushkov, Nikolai"]
[Black "Giffard, Nicolas"]
[Result "1-0"]
[Board "4"]
[WhiteElo "2335"]
[WhiteTitle "GM"]
[WhiteCountry "RUS"]
[WhiteFideId "4117131"]
[WhiteEloChange "8"]
[BlackElo "2257"]
[BlackTitle "IM"]
[BlackCountry "FRA"]
[BlackFideId "600571"]
[BlackEloChange "-8"]

1. Nf3 {[%clk 1:30:53]} d5 {[%clk 1:30:41]} 2. d4 {[%clk 1:31:16]} Nf6 {[%clk
1:31:00]} 3. c4 {[%clk 1:31:40]} e6 {[%clk 1:31:15]} 4. Nc3 {[%clk 1:32:05]} Be7
{[%clk 1:31:32]} 5. Bg5 {[%clk 1:32:17]} O-O {[%clk 1:31:50]} 6. e3 {[%clk
1:32:39]} h6 {[%clk 1:32:10]} 7. Bh4 {[%clk 1:32:47]} b6 {[%clk 1:32:33]} 8. Bd3
{[%clk 1:32:03]} Bb7 {[%clk 1:32:06]} 9. O-O {[%clk 1:32:25]} Nbd7 {[%clk
1:31:49]} 10. Qe2 {[%clk 1:32:30]} Ne4 {[%clk 1:31:35]} 11. Bg3 {[%clk 1:32:18]}
a6 {[%clk 1:29:05]} 12. Rfd1 {[%clk 1:29:03]} Nxg3 {[%clk 1:23:44]} 13. hxg3
{[%clk 1:29:04]} f5 {[%clk 1:24:03]} 14. cxd5 {[%clk 1:28:46]} exd5 {[%clk
1:24:26]} 15. Qc2 {[%clk 1:28:40]} g6 {[%clk 1:24:40]} 16. Rac1 {[%clk 1:28:07]}
Bd6 {[%clk 1:24:56]} 17. Qb3 {[%clk 1:27:51]} c6 {[%clk 1:22:53]} 18. e4 {[%clk
1:26:24]} fxe4 {[%clk 1:23:12]} 19. Nxe4 {[%clk 1:26:46]} Qb8 {[%clk 1:21:25]}
20. Ned2 {[%clk 1:25:24]} Qe8 {[%clk 1:19:31]} 21. Qc2 {[%clk 1:25:09]} Rf6
{[%clk 1:19:11]} 22. Nh4 {[%clk 1:22:09]} Nf8 {[%clk 1:18:52]} 23. Re1 {[%clk
1:21:29]} Qf7 {[%clk 1:16:52]} 24. Ndf3 {[%clk 1:21:30]} c5 {[%clk 1:16:14]} 25.
Ne5 {[%clk 1:21:01]} Bxe5 {[%clk 1:16:10]} 26. dxe5 {[%clk 1:21:20]} Re6 {[%clk
1:16:24]} 27. f4 {[%clk 1:21:33]} Rae8 {[%clk 1:14:14]} 28. Rf1 {[%clk 1:16:48]}
c4 {[%clk 1:13:10]} 29. Be2 {[%clk 1:17:08]} b5 {[%clk 1:13:25]} 30. Nf3 {[%clk
1:17:03]} Rb6 {[%clk 1:10:23]} 31. Nd4 {[%clk 1:15:30]} Ne6 {[%clk 1:10:45]} 32.
Qd2 {[%clk 1:15:56]} Qc7 {[%clk 1:09:09]} 33. Bg4 {[%clk 1:13:43]} Nc5 {[%clk
1:03:30]} 34. Qe3 {[%clk 1:06:04]} Ne4 {[%clk 0:55:34]} 35. e6 {[%clk 1:01:43]}
Bc8 {[%clk 0:51:40]} 36. Kh2 {[%clk 0:51:10]} Re7 {[%clk 0:47:50]} 37. Bh3 {[%clk
0:50:15]} Bxe6 {[%clk 0:42:35]} 38. Bxe6+ {[%clk 0:50:16]} Rexe6 {[%clk 0:42:32]}
39. Nxe6 {[%clk 0:49:51]} Rxe6 {[%clk 0:42:56]} 40. Rcd1 {[%clk 1:18:07]} Rd6
{[%clk 1:12:02]} 41. Rfe1 {[%clk 1:07:40]} Nf6 {[%clk 1:09:05]} 42. Qd4 {[%clk
1:07:47]} Kf7 {[%clk 1:08:55]} 43. Kh1 {[%clk 1:07:44]} h5 {[%clk 1:08:16]} 44.
f5 {[%clk 1:02:28]} gxf5 {[%clk 1:05:58]} 45. Re5 {[%clk 1:01:59]} Qb6 {[%clk
0:59:44]} 46. Qf4 {[%clk 1:01:03]} d4 {[%clk 1:00:06]} 47. Qxf5 {[%clk 0:59:22]}
Qd8 {[%clk 0:52:20]} 48. Rf1 {[%clk 0:58:23]} Qh8 {[%clk 0:52:43]} 49. Rd5 {[%clk
0:57:19]} 1-0

[Event "65+ World Senior Team Championship"]
[Site "chess24.com"]
[Date "2017.04.28"]
[Round "5"]
[White "Petschar, Kurt"]
[Black "Werner, Clemens"]
[Result "1-0"]
[Board "1"]
[WhiteElo "2282"]
[WhiteTitle "FM"]
[WhiteCountry "AUT"]
[WhiteFideId "1600478"]
[WhiteEloChange "12"]
[BlackElo "2346"]
[BlackTitle "FM"]
[BlackCountry "GER"]
[BlackFideId "4604636"]
[BlackEloChange "-12"]

1. d4 {[%clk 1:30:58]} g6 {[%clk 1:30:06]} 2. e4 {[%clk 1:31:17]} Bg7 {[%clk
1:30:28]} 3. Nc3 {[%clk 1:31:42]} d5 {[%clk 1:30:47]} 4. exd5 {[%clk 1:29:57]}
Nf6 {[%clk 1:31:09]} 5. Nf3 {[%clk 1:23:56]} O-O {[%clk 1:29:25]} 6. Be2 {[%clk
1:24:21]} Nbd7 {[%clk 1:29:00]} 7. O-O {[%clk 1:24:28]} Nb6 {[%clk 1:29:06]} 8.
Bg5 {[%clk 1:23:08]} h6 {[%clk 1:28:31]} 9. Bf4 {[%clk 1:22:57]} Nfxd5 {[%clk
1:21:25]} 10. Nxd5 {[%clk 1:23:08]} Nxd5 {[%clk 1:21:36]} 11. Be5 {[%clk
1:23:19]} Nf6 {[%clk 1:16:21]} 12. Bc4 {[%clk 1:21:56]} b6 {[%clk 1:12:30]} 13.
Qd3 {[%clk 1:22:16]} e6 {[%clk 1:06:06]} 14. Rad1 {[%clk 1:18:23]} Bb7 {[%clk
1:03:20]} 15. Rfe1 {[%clk 1:18:47]} a5 {[%clk 0:56:10]} 16. a4 {[%clk 0:56:47]}
Bd5 {[%clk 0:48:40]} 17. Qe2 {[%clk 0:54:38]} Bxc4 {[%clk 0:47:16]} 18. Qxc4
{[%clk 0:54:59]} Rc8 {[%clk 0:47:10]} 19. h3 {[%clk 0:52:39]} Qd5 {[%clk
0:42:19]} 20. Qd3 {[%clk 0:53:06]} Qb7 {[%clk 0:38:08]} 21. c4 {[%clk 0:53:15]}
Qc6 {[%clk 0:36:35]} 22. b3 {[%clk 0:52:07]} Rcd8 {[%clk 0:34:44]} 23. Qe3 {[%clk
0:52:23]} Nd7 {[%clk 0:34:52]} 24. Bxg7 {[%clk 0:51:35]} Kxg7 {[%clk 0:35:14]}
25. Nh2 {[%clk 0:48:51]} Qd6 {[%clk 0:28:40]} 26. Ng4 {[%clk 0:48:52]} h5 {[%clk
0:28:50]} 27. Nh2 {[%clk 0:49:21]} Qe7 {[%clk 0:27:34]} 28. Nf3 {[%clk 0:48:27]}
Qf6 {[%clk 0:27:48]} 29. Nd2 {[%clk 0:48:35]} Kg8 {[%clk 0:22:55]} 30. Ne4 {[%clk
0:48:53]} Qg7 {[%clk 0:23:17]} 31. Qf4 {[%clk 0:40:50]} Rc8 {[%clk 0:23:27]} 32.
Re3 {[%clk 0:35:01]} Rfd8 {[%clk 0:22:10]} 33. Red3 {[%clk 0:34:14]} Kh8 {[%clk
0:21:03]} 34. g4 {[%clk 0:33:52]} Rg8 {[%clk 0:15:27]} 35. Ng5 {[%clk 0:31:50]}
Rgf8 {[%clk 0:14:23]} 36. gxh5 {[%clk 0:27:52]} gxh5 {[%clk 0:14:14]} 37. Rg3
{[%clk 0:27:47]} Qf6 {[%clk 0:13:13]} 38. Qh4 {[%clk 0:28:07]} Qh6 {[%clk
0:13:02]} 39. Rdd3 {[%clk 0:26:45]} Rce8 {[%clk 0:12:11]} 40. Qf4 {[%clk
0:55:46]} Qg6 {[%clk 0:38:38]} 41. Rde3 {[%clk 0:48:37]} c5 {[%clk 0:33:50]} 42.
Qd6 {[%clk 0:45:33]} Nf6 {[%clk 0:24:40]} 43. Nf3 {[%clk 0:38:21]} Qf5 {[%clk
0:19:21]} 44. dxc5 {[%clk 0:22:25]} bxc5 {[%clk 0:15:37]} 45. Re5 {[%clk
0:19:56]} Qb1+ {[%clk 0:15:15]} 46. Re1 {[%clk 0:18:21]} Qf5 {[%clk 0:15:00]} 47.
Nh4 {[%clk 0:16:47]} Qh7 {[%clk 0:12:04]} 48. Qxc5 {[%clk 0:15:50]} Rg8 {[%clk
0:11:57]} 49. Qxa5 {[%clk 0:14:35]} Nd7 {[%clk 0:08:06]} 50. Re3 {[%clk 0:10:34]}
e5 {[%clk 0:06:55]} 51. Qd5 {[%clk 0:09:35]} f5 {[%clk 0:05:54]} 52. Rxg8+ {[%clk
0:09:06]} Rxg8+ {[%clk 0:05:41]} 53. Rg3 {[%clk 0:09:35]} Rxg3+ {[%clk 0:04:26]}
54. fxg3 {[%clk 0:10:03]} f4 {[%clk 0:04:31]} 55. gxf4 {[%clk 0:09:49]} Qb1+
{[%clk 0:04:32]} 56. Kh2 {[%clk 0:10:09]} Qc2+ {[%clk 0:04:16]} 57. Ng2 {[%clk
0:10:29]} Qf5 {[%clk 0:04:35]} 58. c5 {[%clk 0:10:01]} 1-0